|
|
|
|
| LEADER |
00716cam a2200217 a 4500 |
| 001 |
0000055138 |
| 005 |
20010814090000.0 |
| 040 |
|
|
|a mod
|
| 041 |
|
|
|a eng
|
| 020 |
0 |
0 |
|a 1857753720
|
| 090 |
0 |
0 |
|a 362.1088
|b AZI
|
| 100 |
1 |
0 |
|a Aziz Sheikh
|
| 245 |
1 |
0 |
|a Caring for muslim patients
|c edited by Aziz Sheikh and Abdul Rashid Gatrad ; foreword by Sir Alexander Macara
|
| 260 |
0 |
0 |
|a Oxon
|b Radcliffe Medical Press
|c 2000
|
| 300 |
0 |
0 |
|a viii, 140p.
|c 23cm
|
| 650 |
0 |
0 |
|a Muslims
|x Medical care
|z Great Britain
|
| 650 |
0 |
0 |
|a Muslims
|x Health and hygiene
|z Great Britain
|
| 700 |
1 |
1 |
|a Abdul Rashid Gatrad
|
| 700 |
1 |
1 |
|a Macara
|h Sir Alexander
|
| 852 |
0 |
0 |
|a 01
|
| 999 |
|
|
|a 0171816
|b KEMENTAH
|d BOOKS
|e Umum
|f Perpustakaan KEMENTAH
|j AVAILABLE
|q GOOD CONDITION
|